00354 a2200109 4500001001000000005001700010008004100027245006900068100002800137773006200165999001700227ART_1043020260410161848.0260409a 10aNota sobre el significado económico de la ecuación de Pareto1 aFernandez Pol, Jorge E.0 tEconómicag- Año XVII, Nº2 (may./ago. 1971)wREV7541 c24742d24742